Товароведение. Письмо № 3 (Запись № 13585991)
[ простой вид ]
| 000 -МАРКЕР | |
|---|---|
| контрольное поле | 01695nam2a2200253 4500 |
| 001 - ИДЕНТИФИКАТОР ЗАПИСИ | |
| контрольное поле | rc\2884301 |
| 005 - ИДЕНТИФИКАТОР ВЕРСИИ | |
| контрольное поле | 20260315052505.0 |
| 035 ## - ДРУГИЕ СИСТЕМНЫЕ НОМЕРА | |
| Идентификатор записи | (NLR Aleph) 007036984 |
| 100 ## - ДАННЫЕ ОБЩЕЙ ОБРАБОТКИ | |
| Данные общей обработки | 20110722d1932 u y0rusy50 ca |
| 101 0# - ЯЗЫК РЕСУРСА | |
| Язык текста, звукозаписи и т.д. | русский |
| 102 ## - СТРАНА ПУБЛИКАЦИИ ИЛИ ПРОИЗВОДСТВА | |
| Страна публикации | Российская Федерация |
| 105 ## - ПОЛЕ КОДИРОВАННЫХ ДАННЫХ: ТЕКСТОВЫЕ МАТЕРИАЛЫ, МОНОГРАФИЧЕСКИЕ | |
| Кодированные данные о монографическом текстовом документе | y z ||||| |
| 200 0# - ЗАГЛАВИЕ И СВЕДЕНИЯ ОБ ОТВЕТСТВЕННОСТИ | |
| Основное заглавие | Письмо № 3 |
| Сведения, относящиеся к заглавию | Методическое дополнение к "Практическому руководству по приему и хранению зерна С.Э. Грубе" |
| Первые сведения об ответственности | Составил А.Н. Рукосуев |
| 210 ## - ПУБЛИКАЦИЯ, РАСПРОСТРАНЕНИЕ И ДР. | |
| Дата издания, распространения и т.д. | [1932] |
| 215 ## - ФИЗИЧЕСКАЯ ХАРАКТЕРИСТИКА | |
| Специфическое обозначение материала и объем | 4 с. |
| 461 #0 - УРОВЕНЬ НАБОРА | |
| Встроенное поле | 001rc\2884300 |
| -- | 2001#$aТовароведение$eКурсы по подготовке райинспекторов для системы "Заготзерно"$vПисьмо № 3 |
| Системный номер (АБИС) связанной записи | 6059538 |
| Автор | Московский институт народного хозяйства им. Г.В. Плеханова. Сектор заочного обучения |
| Место публикации | [Москва] |
| Дата публикации | [1932]-[1933] |
| Имя издателя, распространителя и т.д. | Заоч. сектор ИНХ им. Плеханова |
| Сведения, относящиеся к заглавию | Курсы по подготовке райинспекторов для системы "Заготзерно" |
| Заглавие | Товароведение |
| Номер тома | Письмо № 3 |
| 464 #0 - АНАЛИТИЧЕСКИЙ УРОВЕНЬ | |
| Встроенное поле | 2001#$aПрактическое руководство по приему и хранению зерна |
| -- | 700#1$aГрубе$bС.Э.$gСергей Эдуардович$4070 |
| Заглавие | Практическое руководство по приему и хранению зерна |
| Автор | Грубе, Сергей Эдуардович |
| 702 #1 - ИМЯ ЛИЦА - ВТОРИЧНАЯ ОТВЕТСТВЕННОСТЬ | |
| Начальный элемент ввода | Рукосуев |
| Часть имени, кроме начального элемента ввода | А.Н. |
| Код отношения | Составитель |
| 801 #0 - ИСТОЧНИК ЗАПИСИ | |
| Страна | Российская Федерация |
| Организация | NLR |
| Правила каталогизации | psbo |
| 801 #1 - ИСТОЧНИК ЗАПИСИ | |
| Страна | Российская Федерация |
| Организация | ELAR |
| Источник данных | rusmarc |
| 852 ## - МЕСТОНАХОЖДЕНИЕ И ШИФР ХРАНЕНИЯ | |
| Идентификатор организации | NLR |
| Шифр хранения (Call Number) | 33-18/165(3) |
| 942 ## - ДОПОЛНИТЕЛЬНЫЕ ЭЛЕМЕНТЫ ЗАПИСИ (АБИС) | |
| Тип экземпляра АБИС | Неопределено |
| 980 ## - КОЛЛЕКЦИЯ | |
| Название коллекции | Национальная библиография |
Нет доступных экземпляров.